51 children winners of National Bravery aAward : (Record no. 89785)

MARC details
000 -LEADER
fixed length control field 00631nam a22001937a 4500
005 - DATE AND TIME OF LATEST TRANSACTION
control field 20141121123838.0
010 ## - LCCN (DPL NO)
LC control number ENG-111120
020 ## - INTERNATIONAL STANDARD BOOK NUMBER
Terms of availability 75.00
International Standard Book Number 9789350832790
035 ## - SYSTEM CONTROL NUMBER
System control number EN-94652
037 ## - SOURCE OF ACQUISITION
Source of stock number/acquisition DBAD/PUB
082 ## - DEWEY DECIMAL CLASSIFICATION NUMBER
Classification number 179.6
100 ## - MAIN ENTRY--PERSONAL NAME
Personal name Saran, Renu
245 ## - TITLE STATEMENT
Title 51 children winners of National Bravery aAward :
Statement of responsibility, etc by Renu Saran
Remainder of title on the republic day /
246 ## - VARYING FORM OF TITLE
Title proper/short title Fifty one children winners of national bravery award
260 ## - PUBLICATION, DISTRIBUTION, ETC. (IMPRINT)
Place of publication, distribution, etc New Delhi
Name of publisher, distributor, etc Diamond Books
Date of publication, distribution, etc 2013
270 ## - ADDRESS
City New Delhi
Postal code 110020
Address X-30, Okhla Industrial Area, Phase-II
300 ## - PHYSICAL DESCRIPTION
Extent 118p.
Dimensions 22cm(pbk)
942 ## - ADDED ENTRY ELEMENTS (KOHA)
Source of classification or shelving scheme Dewey Decimal Classification
Item type English Books
Call number suffix SAR
Classification part 179.6
Holdings
Withdrawn status Lost status Not for loan Collection code Home library Current library Date acquired Source of acquisition Cost, normal purchase price Full call number Barcode Copy number Cost, replacement price Koha item type
    Not For Loan Non-fiction D.B.Act.Division D.B.Act.Division 05/11/2014 DBAD/PUB 75.00 179.6 SAR EN-94652 1 75.00 English Books

© Delhi Public Library
Hit Counter
free hit counter